000 00856nas a2200289 4500
001 BR0805856
003 BR-BrBNA
005 20231205112445.0
007 ta
008 230509b bl.|||p| |||| 00| 00por d
040 _aBR-BrBNA
_bpor
_cBiblioteca Nacional de Agricultura
041 _a(Pt)
072 _aP33
100 1 _aGarcia, G. de O.
100 1 _aMartins Filho, S.
100 1 _aReis, E,F. dos
100 1 _aMoraes, W.B.
100 1 _aNazário, A. de A.
245 1 _aAlterações químicas de dois solos irrigados com água salina
650 _aLATOSSOLO
650 _aPROPRIEDADE FISICO-QUIMICA
650 _aIRRIGAÇÃO
650 _aSALINIDADE
773 0 _tRevista Ciencia Agronomica (Brazil)
_xISSN 0045-6888
_g(Jan-Mar 2008), v. 39(1) p. 7-18
_wBR0805856
909 _a202311
_bLúcia
_c55
_dLúcia Elande
942 _2AGRIS
_n0
_cANA
999 _c198168
_d198168